000 00812cam a22002298i 4500
003 OSt
005 20260701143325.0
008 240613s2025 enk b 001 0 eng
020 _a9781032130859
_q(hardback)
020 _a9781032130842
_q(paperback)
020 _z9781003227571
_q(ebook)
040 _aKABLIB
_beng
_erda
_cKABLIB
082 0 0 _a618.2
_223
_bANA
245 0 4 _aThe anatomy and physiology textbook for midwives /
_cJane Carpenter and Louise Hunter (Editors)
264 1 _aAbingdon, Oxon ;
_aNew York, NY :
_bRoutledge,
_cc2025.
300 _axi , 389p. :
_bill ,
_c25cm
504 _aIncludes bibliographical references, index.
650 2 2 _aReproductive Physiological Phenomena
_915861
700 1 _aCarpenter, Jane,
_eeditor.
_915862
700 1 _aHunter, Louise,
_eeditor.
_915863
942 _2ddc
_cBOOK
999 _c6238
_d6238